| 000 | 00000nam 2200000za 4500 |
| 001 | 9.817007 |
| 003 | CaOODSP |
| 005 | 20221107142357 |
| 007 | cr ||||||||||| |
| 008 | 160506s1996 quc||||| f|0| 0 eng d |
| 020 | |z0-662-23380-8 |
| 040 | |aCaOODSP|beng |
| 043 | |an-cn--- |
| 086 | 1 |aEn153-6/29-1996E-PDF |
| 245 | 00|aICI Canada Forest Products |h[electronic resource]. |
| 260 | |a[Montreal, Quebec] : |bEnvironment Canada, |c1996. |
| 300 | |a[4] p. : |bmap, graph, table. |
| 490 | 1 |aIndustrial plants : highlights ; |vfact sheet no. 29 |
| 500 | |aThe catalogue number (En153-6/29-1996E) and ISBN (0-662-23380-8) for the print edition have been copied in this electronic publication. |
| 500 | |aIssued in French under title: ICI Canada inc., secteur forestier. |
| 500 | |aCaption title. |
| 692 | 07|2gccst|aIndustrial buildings |
| 710 | 1 |aCanada. |bEnvironment Canada. |bEnvironmental Protection Service. |
| 775 | 08|tICI Canada inc., secteur forestier |w(CaOODSP)9.817008 |
| 776 | 0#|tICI Canada Forest Products |w(CaOODSP)9.612082 |
| 830 | #0|aIndustrial plants : highlights ;|vfact sheet no. 29|w(CaOODSP)9.806424 |
| 856 | 40|qPDF|s36 KB|uhttps://publications.gc.ca/collections/collection_2016/eccc/En153-6-29-1996-eng.pdf |